| 000 | 00509nac a22001331u 4500 | ||
|---|---|---|---|
| 008 | 090317s2001 xxu||||| |||| 00| 0 ara d | ||
| 020 | _a9776010261 | ||
| 082 |
_a331.310962 _bر ز ة |
||
| 245 |
_aالأطفال الكادحون : _bظاهرة عمل الأطفال في مصر / _cأحمد عبد الله رزة |
||
| 260 |
_aالقاهرة : _bدار الكلمة ،2001 _c2001. |
||
| 300 |
_a122 ص : _bايض ؛ _c22 سم. |
||
| 650 |
_aالأطفال _920301 _xتشغيل |
||
| 942 |
_cBB _k331.310962ر ز ة _2ddc |
||
| 999 |
_c5563 _d5563 |
||